| 000 | 00536nam a2200193 i 4500 | ||
|---|---|---|---|
| 001 | 135507 | ||
| 003 | ES-MaACL | ||
| 005 | 20230906194909.0 | ||
| 007 | t| | ||
| 008 | 070719s1973 sp ||||1| cat d | ||
| 080 | _a92:849.9"19"(049.3) | ||
| 080 | _a849.9"19":92(049.3) | ||
| 100 | 1 |
_aTorres, Estanislau. _9110888 |
|
| 245 | 1 | 4 |
_aEls escriptors catalans parlen / _cEstanislau Torres. |
| 250 | _a[1ยช ed.]. | ||
| 260 |
_aBarcelona : _bNova Terra, _c[1973] |
||
| 300 |
_a441 p. ; _c19 cm. |
||
| 852 |
_aES-MaACL _jC-52883 _bR.86105 |
||
| 999 |
_c135507 _d135507 |
||